000 00884nam a22002057a 4500
999 _c61429
_d61429
005 20240313100712.0
008 240313s2001 ru ||||| |||| 00| 0 geo d
020 _a5942780471
041 _arus
080 _a1(3)(091) B-11
245 _aВ преддверии философии :
_bДуховные искания древнего человека /
_cГ. Франкфорт, Г. Α. Франкфорт, Дж. Уилсон, Τ. Якобсен.
264 _aСанкт-Петербург :
_bАмфора,
_c2001.
300 _a314 c.
_b20 cm.
653 _aფილოსოფია
700 _aФранкфорт Г.
_eავტორი
_921398
700 _aФранкфорт Г.А.,
_eავტორი
_921399
700 _aУилсон Дж.,
_eავტორი
_920856
700 _a Якобсен Т.
_eავტორი
_921400
942 _2udc
_cᲬᲘᲒᲜᲘ